Geografía astronómica, física y política de la provincia de Pontevedra (Record no. 158101)

MARC details
000 -LEADER
campo de control de longitud fija 00794nam a22001695i 4500
001 - NÚMERO DE CONTROL
campo de control 158101
003 - IDENTIFICADOR DE NÚMERO DE CONTROL
campo de control ES-MaACL
005 - FECHA Y HORA DE LA ÚLTIMA TRANSACCIÓN
campo de control 20230906211017.0
008 - DATOS DE LONGITUD FIJA--INFORMACIÓN GENERAL
campo de control de longitud fija 960320s1893 sp |||| | spa d
040 ## - FUENTE DE CATALOGACIÓN
Centro catalogador/agencia de origen GA
Lengua de catalogación spa
Centro/agencia transcriptor CCPB | SIC
100 1# - ENTRADA PRINCIPAL--NOMBRE DE PERSONA
Nombre de persona Lorenzana, Augusto E.
9 (RLIN) 74131
245 10 - MENCIÓN DEL TÍTULO
Título Geografía astronómica, física y política de la provincia de Pontevedra
Resto del título : precedida de nociones generales de geografía astronómica, física y política /
Mención de responsabilidad, etc. por el Lic. D. Augusto E. Lorenzana.
260 ## - PUBLICACIÓN, DISTRIBUCIÓN, ETC.
Lugar de publicación, distribución, etc. Pontevedra :
Nombre del editor, distribuidor, etc. [s.n.],
Fecha de publicación, distribución, etc. 1893 (
Fabricante Imp. de Luis Carragal)
300 ## - DESCRIPCIÓN FÍSICA
Extensión 143 p. ;
Dimensiones 15 cm.
651 ## - PUNTO DE ACCESO ADICIONAL DE MATERIA--NOMBRE GEOGRÁFICO
Nombre geográfico Pontevedra (Provincia)-
Subdivisión general Descripción.
9 (RLIN) 153500
852 ## - LOCALIZACIÓN
Ubicación ES-MaACL
Número de control de estantería T-940-F-1
Nota libre -- Enc. hol. conservando la cub. original
-- -- Enc. en un vol. facticio
-- .- Donat. del Ministerio de Fomento
Holdings
Estatus retirado Estado de pérdida Estado de daño No para préstamo Colección Biblioteca de origen Biblioteca actual Ubicación en estantería Fecha de adquisición Total de préstamos Signatura topográfica completa Código de barras Visto por última vez Precio de reemplazo Tipo de ítem Koha
        Colección de folletos Biblioteca del Ateneo de Madrid Biblioteca del Ateneo de Madrid Depósito folletos 17/01/2008   T-940-F-1 1165467 23/02/2023 23/02/2023 Folleto